| 000 | 00415nam a2200157Ia 4500 | ||
|---|---|---|---|
| 008 | 210210b1983 xxu||||| |||| 00| 0 eng d | ||
| 082 | _a001.424 GUPO | ||
| 100 | _aGUPTA (Prem Kumar) and HIRA (D S). | ||
| 245 | _aOperations research: an introduction. | ||
| 250 | _a | ||
| 260 |
_aN D _bS. Chand & Co. Ltd. _c1983 |
||
| 300 | _aviii, 918 | ||
| 650 | _aO R | ||
| 690 | _aOperations Research | ||
| 906 | _aSG02952 | ||
| 999 |
_c113963 _d113963 |
||